000 00683nam a2200205Ii 4500
003 JO-AjNU
008 230605s9999||||xx |||||||||||||| ||und||
040 _aJO-AjNU
_bara
_erda
_cJO-AjNU
041 _aara
050 1 4 _aZ689 1985
100 3 _aعمر ، احمد نور ,
_eauthor
_914892
245 0 0 _aالاجراءات الفنية للمكتبات
250 _aط5
264 3 1 _aالقاهرة : دار النهضة العربية ، 1985
300 _a282ص
336 _atext
_btxt
_2rdacontent
337 _aunmediated
_bn
_2rdamedia
338 _avolume
_bnc
_2rdacarrier
650 4 _aالاجراءت الفنية- الفهرسة-التصنيف-التزويد
_914893
999 _aA4080
_c7648
_d7648